| 000 | 00984nam a2200241 a 4500 | ||
|---|---|---|---|
| 001 | 000021517 | ||
| 005 | 20200930011343.0 | ||
| 008 | 100908s1974 mx ag r 000 0 spa d | ||
| 040 |
_aDO-SdBNP _bspa _cBNPHU |
||
| 082 |
_a727.4 _bC346d |
||
| 100 | 1 |
_aCastaldi, Basil _944838 |
|
| 240 | 1 | 0 |
_aCreative planning of educational facilities. _lEspañol |
| 245 | 1 | 0 |
_aDiseño de centros educativos / _cBasil Castaldi; traducción por María Victoria Llamas de Seid. |
| 260 |
_aMéxico, D. F. : _bCentro Regional de Ayuda Técnica; _bAgencia para el Desarrollo Internacional; _bPax-México, _c1974. |
||
| 300 |
_a564 p. : _bil., diag. ; _c21 cm. |
||
| 500 | _aIncluye índice alfabético | ||
| 534 |
_aTítulo original en inglés: _tCreative planning of educational facilities |
||
| 650 | 4 |
_aConstrucciones escolares _944839 |
|
| 650 | 4 |
_aConstrucciones para escuelas secundarias _944840 |
|
| 650 | 4 |
_aEdificios universitarios _944841 |
|
| 700 | 1 |
_aLoughlin, John L. _944842 |
|
| 049 | _aBNGR | ||
| 999 |
_c21017 _d21017 |
||